| 000 | 01211nam a22002057a 4500 | ||
|---|---|---|---|
| 003 | JO-AjAnu | ||
| 005 | 20240708114049.0 | ||
| 008 | 240708b jo ||||| |||| 00| 0 ara d | ||
| 040 |
_aJO-AjAnu _bARA _cJO-AjAnu |
||
| 041 | 1 | _hARA | |
| 100 |
_aملكاوي، سارة صفوان حسن _eمعد _966083 |
||
| 245 | 1 | 0 |
_aدرجة امتلاك معلمي صعوبات التعلم للكفايات المهنية لإشغال وظيفة معلم صعوبات التعلم = The Degree to which Teachers of learning Disabilities possess the Professional Competencies to Fill the Position of Teacher of learning Disabilities / _cاعداد سارة صفوان حسن ملكاوي ؛ اشراف محمد احمد العمري |
| 260 | _c2024 | ||
| 300 | _a104 ورقة | ||
| 500 | _aرسالة جامعية (اطروحة ماجستير) جامعة عجلون الوطنية / كلية العلوم التربوية ، تخصص صعوبات التعلم ، 2024 | ||
| 650 | _vصعوبات التعلم-التربية الخاصة-تعليم | ||
| 700 |
_aالعمري،محمد احمد _965959 _eمشرف |
||
| 700 |
_aالقضاة، رابحة عدنان _eمشرف مشارك _966085 |
||
| 942 |
_2lcc _cTHS _n0 |
||
| 999 |
_c33592 _d33592 |
||